000
00287nam a22001337a 4500
008
260424b ||||| |||| 00| 0 eng d
020
_a
9789951064484
041
_a
eng
080
_a
496.51
100
_a
34
101
_a
Politike
245
_a
Rugova
_c
Vehbi Miftari
942
_2
udc
_c
BK
999
_c
60992
_d
60992